000 01383nam a2200253Ia 4500
999 _c36461
_d36461
001 2376
003 GE_BSU
005 20190530212356.0
008 181216s2010||||ge |||||||||||||| ||geo||
040 _cGE_BSU
041 _ageo
080 _a378.4(479.22)(066) შ–81
245 _aგანათლების ფილოსოფია, ფსიქოლოგია, პედაგოგიკა :
_bშრომები XVI /
_cტომის რედ. ნოდარ ბარამიძე, იური ბიბილეიშვილი; შოთა რუსთაველის სახელმწიფო უნივერსიტეტი.
264 _aბათუმი :
_bშოთა რუსთაველის სახ. უნ–ტი,
_c2010.
300 _a177 გვ. ;
_b27 სმ.
653 _aგანათლების ფილოსოფია
653 _aშრომები
653 _aფსიქოლოგია
653 _aპედაგოგიკა
700 _aბარამიძე, ნოდარ
_eრედაქტორი
_9377
700 _aბიბილეიშვილი, იური
_eრედაქტორი
_9800
710 _aშოთა რუსთაველის სახელმწიფო უნივერსიტეტი
_91900
942 _cBK
_2udc